| 000 | 01596nam a2200457 a 4500 | ||
|---|---|---|---|
| 001 | 000114866 | ||
| 003 | CHAP | ||
| 005 | 20241112062704.0 | ||
| 008 | 180723s2017 mx a |rl l||0|0|spa d | ||
| 010 | _a111327 | ||
| 011 | _a112299 | ||
| 020 | _a9786071204519 | ||
| 040 | _cCHAP | ||
| 082 | 0 | 4 |
_a634.315 _bG94 |
| 245 | 0 | 0 |
_aGuía agroecológica para la producción de naranja orgánica / _cpor Manuel Ángel Gómez Cruz ...[et al.]. |
| 260 |
_aMéxico. : _bUACH; CIDRI, _c2017. |
||
| 300 | _a68 p.: il. | ||
| 490 | _aPublicaciones Agroecológicas | ||
| 590 |
_aBATCH-UPD _b05 _c20190502 _lUCH01 _h1023 |
||
| 590 |
_aE11695DGD _b10 _c20190503 _lUCH01 _h1008 |
||
| 590 |
_aE8697GMM _b05 _c20180723 _lUCH01 _h1423 |
||
| 590 |
_aE8697GMM _b05 _c20180723 _lUCH01 _h1433 |
||
| 590 |
_aE8697GMM _b05 _c20180723 _lUCH01 _h1434 |
||
| 590 |
_aE8697GMM _b05 _c20180725 _lUCH01 _h1336 |
||
| 590 |
_aE8697GMM _b05 _c20190430 _lUCH01 _h1603 |
||
| 590 |
_aE8697GMM _b05 _c20190502 _lUCH01 _h1022 |
||
| 590 |
_aE8697GMM _b05 _c20190502 _lUCH01 _h1024 |
||
| 590 |
_aE8697GMM _b05 _c20190502 _lUCH01 _h1313 |
||
| 590 |
_aE8697GMM _b05 _c20190502 _lUCH01 _h1517 |
||
| 590 |
_aE8697GMM _b05 _c20190502 _lUCH01 _h1520 |
||
| 590 |
_aE8697GMM _b05 _c20190502 _lUCH01 _h1526 |
||
| 650 | 1 | 4 |
_aManuales de organización. _970673 |
| 650 | 1 | 4 |
_aNaranja _xMercadeo. _980176 |
| 650 | 1 | 4 |
_aNaranja _xRendimiento. _980188 |
| 650 | 1 | 4 |
_aOrganización de productores _xCapacitación. _9134045 |
| 700 | 1 |
_aGómez Cruz, Manuel Ángel _949661 |
|
| 830 | 0 |
_aPublicaciones Agroecológicas _9135200 |
|
| 901 | _aBK | ||
| 942 | _cLIBRO | ||
| 942 | _n0 | ||
| 999 |
_c111327 _d111327 |
||